Der Alexanderzug : indische Geschichte /
| Hlavní autor: | Arrianos, Flavios, 95-175 |
|---|---|
| Jazyk: | Němčina Řečtina, moderní (po 1453) Čeština |
| Vydáno: |
Berlin : Akademie-Verlag, 1985 |
| Fyzický popis: |
2 sv. |
| Language note: |
Souběžný text řec. |
| LEADER | 00956nam a22002652aa4500 | ||
|---|---|---|---|
| 001 | 000858120 | ||
| 003 | CZ BrMZK | ||
| 005 | 20071011112537.0 | ||
| 007 | ta | ||
| 008 | 070719s1985 gw er|||||||||||cze d | ||
| 040 | |a BOA001 |b cze | ||
| 041 | 1 | |a ger |a gre | |
| 080 | 9 | |a 938.07:871-91=30 | |
| 100 | 1 | |a Arrianos, Flavios, |d 95-175 |7 jn19981000151 |4 aut | |
| 245 | 1 | 4 | |a Der Alexanderzug : |b indische Geschichte / |c Arrian ; Grich. und Deutsch von Gerhard Wirth und Oskar von Hinüber |
| 260 | |a Berlin : |b Akademie-Verlag, |c 1985 | ||
| 300 | |a 2 sv. | ||
| 504 | |a Obsahuje bibliografii | ||
| 505 | 0 | |a Tl. 1: 715 s. -- Tl. 2: s. 720-1153 | |
| 546 | |a Souběžný text řec. | ||
| 910 | |a BOA001 |b 1-0936.018 | ||
| 990 | |a BK | ||
| 991 | |b 200707 | ||
| 996 | 7 | |b 2619605494 |c 1-0936.018 |d Tl. 2 |v 2 |l MZK |r Sklad / do 1 hodiny |n 0 |w 000858120 |u 000020 |a 1 |e BOA001 |j MZK50 |s A | |
| 996 | 7 | |b 2619605495 |c 1-0936.018 |d Tl. 1 |v 1 |l MZK |r Sklad / do 1 hodiny |n 0 |w 000858120 |u 000010 |a 1 |e BOA001 |j MZK50 |s A | |
English
Čeština 